000 00473nam a2200193Ia 4500
005 20250326142649.0
008 250326s9999 xx 000 0 und d
037 _aTextbook
040 _aFMSL
_beng
_cFMSL
041 _aeng
_2eng
084 _qFMSL
100 _aLupton T
_9737676
245 0 _aWages and Salaries
_cLupton T; Bowey A
250 _aEd 2
260 _aGower
_bGower, Pub. Co.
_c1983
300 _a201p
942 _cTB
999 _c1296078
_d1296078